000
00211nam a2200109Ia 4500
100
_a
CRUMLISH/CHRISTIAN.
942
_c
BK
245
_a
ABC OF THE INTERNET.
260
_b
#N/A
546
_a
ENGLISH
999
_c
30582
_d
30582